Countries Starting With The Letter S - Statistics

General Stats
  • This quiz has been taken 60 times
  • The average score is 21 of 26
Answer Stats
Hint Answer % Correct
7 Sudan
96%
5 South Korea
92%
3 Sweden
92%
17 South Africa
91%
6 South Sudan
91%
12 Senegal
89%
18 Saint Lucia
87%
10 Slovakia
87%
14 Suriname
87%
2 Switzerland
87%
24 Saint Kitts and Nevis
85%
20 Serbia
85%
19 San Marino
81%
15 São Tomé and Príncipe
81%
1 Spain
81%
21 Syria
81%
23 Saint Vincent and the Grenadines
79%
13 Seychelles
79%
8 Sri Lanka
77%
9 Slovenia
75%
22 Saudi Arabia
74%
11 Singapore
74%
4 Somalia
74%
16 Solomon Islands
70%
25 Sierra Leone
68%
26 Samoa
60%
No matching quizzes found
Score Distribution
Percent of People with Each Score
Percentile by Number Answered
Your Score History
You have not taken this quiz